| 000 | 01147nam a22002775a 4500 | ||
|---|---|---|---|
| 999 |
_c27041 _d27013 |
||
| 003 | EG-ScBUE | ||
| 005 | 20181223111758.0 | ||
| 008 | 181223s2015 ua frb 000 0 ara d | ||
| 040 |
_aEG-ScBUE _bara _cEG-ScBUE _dEG-ScBUE |
||
| 043 | _af-ua--- | ||
| 082 | 0 | 4 |
_a345.62026 _bص غ ي _222 |
| 100 | 1 |
_aصغير، جميل عبد الباقي. _941960 |
|
| 245 | 1 | 0 |
_aقانون العقوبات : _bالجرائم المضرة بالمصلحة العامة / _cجميل عبد الباقي الصغير. |
| 250 | _aط. 2. | ||
| 260 |
_aالقاهرة : _bدار النهضة العربية، _c2015. |
||
| 300 |
_a241 ص. ؛ _c24 سم. |
||
| 504 | _aيشتمل على إرجاعات ببليوجرافية. | ||
| 650 | 7 |
_aجرائم الاختلاس _xقوانين وتشريعات _zمصر. _2BUEsh |
|
| 650 | 7 |
_aجرائم الرشوة _xقوانين وتشريعات _zمصر. _2BUEsh |
|
| 650 | 7 |
_aجرائم التزوير _xقوانين وتشريعات _zمصر. _2BUEsh _910938 |
|
| 650 | 7 |
_aقانون العقوبات _zمصر. _2BUEsh _941137 |
|
| 651 | _2BUEsh | ||
| 653 |
_bLLAAWW _cDecember2018 |
||
| 655 | _vReading book | ||
| 942 | _2ddc | ||